Learning organisation and self-directed learning for innovative value management

Saved in:
Bibliographic Details
Main Author: Tkáčiková, Jarmila
Other Authors: Hrimech, Mohamed
Format: Book Chapter
Language:English
Tags: Add Tag
No Tags, Be the first to tag this record!

MARC

LEADER 00000nla$a2200000$$$4500
001 0106512
005 20240502072159.6
041 0 |a eng 
044 |a SK 
245 1 0 |a Learning organisation and self-directed learning for innovative value management  |c Jarmila Tkáčiková, Mohamed Hrimech 
100 1 |a Tkáčiková, Jarmila 
700 1 |a Hrimech, Mohamed